Derecho e historia en la antropología de Nicolás Gómez Dávila.

Uloženo v:
Podrobná bibliografie
Hlavní autor: Garofalo, Luigi (autor)
Médium: Kniha
Jazyk:angličtina
Vydáno: Cizur Menor (Navarra), España: Thomson Reuters; Aranzadi, 2016.
Vydání:Primera edición.
Edice:Estudios
Témata:
Tagy: Přidat tag
Žádné tagy, Buďte první, kdo vytvoří štítek k tomuto záznamu!

MARC

LEADER 00000nam a22000007a 4500
003 CL-VaPUC
005 20220822114457.0
008 220610b2016 ||||| |||| 00| 0 eng d
999 |c 435922  |d 435920 
020 |a 978-84-9135-342-3 
040 |c Pontificia Universidad Católica de Valparaíso 
082 7 |a 340.1 GAR 2013  |2 22 
100 1 |a Garofalo, Luigi  |e autor  |9 870484 
245 |a Derecho e historia en la antropología de Nicolás Gómez Dávila. 
250 |a Primera edición. 
260 |a Cizur Menor (Navarra), España:  |b Thomson Reuters;   |b Aranzadi,   |c 2016. 
300 |a 215 páginas.  
490 |a Estudios 
500 |a c.1 Donación Familia Prof. Alejandro Guzmán Brito. 
583 |c 20220610  |k Cristina María Rojas Aguilar 
600 |a Gómez Dávila, Nicolás   |d 1913-1994  |9 870485 
650 |a Derecho   |x Filosofía   |9 866192 
650 |a Historiografía   |9 257871 
650 |a Jurisprudencia  |9 255952 
942 |2 ddc  |c BK  |n 0 
952 |0 0  |1 0  |2 ddc  |4 0  |6 340_100000000000000_GAR_2013  |7 1  |8 C_AGB  |9 583586  |a BIBDER  |b BIBDER  |d 2022-06-10  |e Donación   |i 5651682  |l 1  |o 340.1 GAR 2013  |p 5651682  |r 2023-03-21  |s 2023-03-21  |t 1  |w 2022-06-10  |y BK_US  |k AGB